Statistics for Premier League Players By Letter - B

Click here to take the quiz!

General Stats

  • This quiz has been taken 63 times
  • The average score is 16 of 25

Answer Stats

First Name Surname Club % Correct
LeightonBainesEverton
98%
DaleyBlindManchester United
96%
AsmirBegovicChelsea
94%
WilfriedBonyManchester City
94%
ChristianBentekeLiverpool
94%
RossBarkleyEverton
92%
HectorBellerinArsenal
90%
SaidoBerahinoWest Bromwich Albion
88%
GarethBarryEverton
82%
FabioBoriniSunderland
82%
NabilBentalebTottenham Hotspur
78%
RyanBertrandSouthampton
72%
ArturBorucBournemouth
68%
AbdulBabaChelsea
58%
JackButlandStoke City
58%
ChrisBruntWest Bromwich Albion
56%
S├ębastienBassongNorwich City
56%
ValonBehramiWatford
52%
NathanBakerAston Villa
50%
LeandroBacunaAston Villa
48%
KyleBartleySwansea City
40%
RyanBennettNorwich City
22%
MiguelBritosWatford
22%
YohanBenalouaneLeicester City
16%
MarkBrunnAston Villa
8%

Score Distribution

Percentile by Number Answered

Percent of People with Each Score

Your Score History

You have not taken this quiz